| 000 | 00698nam a22002537a 4500 | ||
|---|---|---|---|
| 005 | 20230412113819.0 | ||
| 008 | 230330b |||||||| |||| 00| 0 eng d | ||
| 020 | _a9781784536664 | ||
| 040 |
_aCBULib _cCBULib |
||
| 041 | _aeng | ||
| 050 | _aDS 135.Z35 Mac | ||
| 100 | _aMacmillan, Hugh | ||
| 245 |
_aZion in Africa : the Jews of Zambia _c/ by Hugh Macmillan and Frank Shapiro |
||
| 260 |
_aLondon : _bL.B.Tauris, _c1999 |
||
| 300 | _axiii, 383 pages : illustrations | ||
| 600 | _aMACMILLAN, HUGH | ||
| 600 | _aSHAPIRO, FRANK | ||
| 650 | _aETHNIC RELATIONS | ||
| 650 | _aHISTORY | ||
| 650 | _aJEWS--HISTORY-- ZAMBIA | ||
| 650 | _aJEWS | ||
| 700 | _aShapiro, Frank | ||
| 942 | _c002 | ||
| 999 |
_c75610 _d75610 |
||